Summary of Christian doctrine for senior classes / (Record no. 16362)
[ view plain ]
| 000 -LEADER | |
|---|---|
| fixed length control field | 00767nam a2200193 4500 |
| 008 - FIXED-LENGTH DATA ELEMENTS--GENERAL INFORMATION | |
| fixed length control field | 030804s1938 miu 001 0 eng |
| 020 ## - INTERNATIONAL STANDARD BOOK NUMBER | |
| International Standard Book Number | 0851510558 : Php11.00 |
| 090 ## - LOCALLY ASSIGNED LC-TYPE CALL NUMBER (OCLC); LOCAL CALL NUMBER (OCLC) | |
| Classification number (OCLC) (R) ; Classification number, CALL (RLIN) (NR) | BT75 |
| Local cutter number (OCLC) ; Book number/undivided call number, CALL (RLIN) | B45s |
| 100 1# - MAIN ENTRY--PERSONAL NAME | |
| Personal name | Berkhof, Louis, |
| Dates associated with a name | 1873-1957. |
| 240 00 - UNIFORM TITLE | |
| Uniform title | Manual of Reformed Doctrine |
| 245 10 - TITLE STATEMENT | |
| Title | Summary of Christian doctrine for senior classes / |
| Statement of responsibility, etc | By Louis Berkhof |
| 260 ## - PUBLICATION, DISTRIBUTION, ETC. (IMPRINT) | |
| Place of publication, distribution, etc | Grand Rapids, Michigan : |
| Name of publisher, distributor, etc | Wm. B. Eerdmans, |
| Date of publication, distribution, etc | 1938. |
| 300 ## - PHYSICAL DESCRIPTION | |
| Extent | 5 p.l., 9-198 p. |
| Dimensions | 20 cm. |
| 500 ## - GENERAL NOTE | |
| General note | "My 'Manual of Reformed doctrine' ... in an abridged form."--Pref. |
| 650 #4 - SUBJECT ADDED ENTRY--TOPICAL TERM | |
| Topical term or geographic name as entry element | Christian education |
| General subdivision | Textbooks for young people |
| -- | Reformed. |
| 650 #4 - SUBJECT ADDED ENTRY--TOPICAL TERM | |
| Topical term or geographic name as entry element | Reformed Church |
| General subdivision | Doctrines. |
| 650 #4 - SUBJECT ADDED ENTRY--TOPICAL TERM | |
| Topical term or geographic name as entry element | Theology, Doctrinal. |
| 951 ## - EQUIVALENCE OR CROSS-REFERENCE-GEOGRAPHIC NAME/AREA NAME [OBSOLETE] [CAN/MARC only] | |
| General subdivision | 00004029 |
| 951 ## - EQUIVALENCE OR CROSS-REFERENCE-GEOGRAPHIC NAME/AREA NAME [OBSOLETE] [CAN/MARC only] | |
| -- | 5647 |
| -- | BT75/B45s |
| -- | 070613111301031 |
| -- | 2000-12-21 |
| -- | GC |
| Withdrawn status | Lost status | Damaged status | Not for loan | Home library | Current library | Shelving location | Date acquired | Accession number | Shelving control number | Total Checkouts | Full call number | Barcode | Date last seen | Price effective from | Koha item type |
|---|---|---|---|---|---|---|---|---|---|---|---|---|---|---|---|
| BSOP Library | BSOP Library | GC | 12/21/2000 | 5647 | 127 | BT75/B45s | 00004029 | 02/23/2013 | 02/23/2013 | Books |
